000 00700cab a2200241 4500
001 ABS58884
008 090401t1998 xxu||||| |||| 00| 0 eng d
035 _a(Sirsi) u87237
041 _aeng
100 _aWinter, J.
245 _aBooking an EC fair play award
260 _c1998
350 _a0
490 _aConstruction News
_v(6571) 25 June 1998, 18(1)
520 _aDiscusses the options available where EU public procurement rules have not been complied with.
650 _aEU PUBLIC PROCUREMENT RULES
650 _aEU REMEDIES DIRECTIVE
650 _aEUROPEAN COMMISSION
650 _aPUBLIC PROCUREMENT
690 _aEUROPE-SINGLE MARKET
942 _n0
948 _c07/07/1998
999 _c55008
_d55008